| Поле | Инд. | ПП | Название | Значение |
|---|---|---|---|---|
| Тип записи | a | |||
| Библиографический уровень | m | |||
| 001 | Контрольный номер | RU/LIBMSTU/340806306 | ||
| 005 | Дата корректировки | 20160413114844.7 | ||
| 008 | Кодируемые данные | 101020|||||||||ru |||||||||||000|||rus|| | ||
| 020 | a | ISBN | 978-5-903554-08-9 | |
| c | Цена, тираж | 200-00 | ||
| 040 | b | Код языка каталог. | rus | |
| 041 | a | Код языка текста | rus | |
| 084 | a | Индекс другой классификации/Индекс ББК | 47.2г+39.4г | |
| 090 | a | Полочн. индекс | 47.2г | |
| x | Авторский знак | К 21 | ||
| 100 | 1_ | a | Автор | Каргин М. И. |
| 245 | 10 | a | Заглавие | Океанская вахта |
| 260 | a | Место издания | Мурманск | |
| b | Издательство | МИП-999 | ||
| c | Дата издания | 2010 | ||
| 300 | a | Объем | 366, [1] с. | |
| b | Иллюстрации/ тип воспроизводства | ил. | ||
| 504 | a | Библиография | Библиогр.: с. 365-366 | |
| 583 | x | Служебное примечание | Краеведческий каталог | |
| 650 | a | Основная рубрика | Рыбное хозяйство-История | |
| 650 | 14 | a | Основная рубрика | Рыбопромысловый флот-История |
| 651 | a | Географическое наименование | Мурманская область | |
| 653 | a | Ключевые слова | История флота | |
| a | Ключевые слова | Мурманский траловый флот | ||
| a | Ключевые слова | Рыбное хозяйство | ||
| a | Ключевые слова | Рыбопромысловый флот | ||
| a | Ключевые слова | Улов рыбы | ||
| a | Ключевые слова | Флот "Мурманрыбпром" | ||
| a | Ключевые слова | Флот "Мурмансельдь" | ||
| a | Ключевые слова | Флот АО "Севрыба" | ||
| 901 | t | Тип документа | m |